书目信息 |
| 题名: |
数据结构习题与解析
|
|
| 作者: | 李春葆 编著 | |
| 分册: | ||
| 出版信息: | 北京 清华大学出版社 1999.04 |
|
| 页数: | 305页 | |
| 开本: | 26cm | |
| 丛书名: | ||
| 单 册: | ||
| 中图分类: | TP311.12-44 | |
| 科图分类: | ||
| 主题词: | 数据结构 | |
| 电子资源: | ||
| ISBN: | 7-302-03513-X | |
| 000 | 00564nam0 2200193 45 | |
| 001 | 0201150914 | |
| 005 | 20031219104052.6 | |
| 010 | @a7-302-03513-X@dCNY26.00 | |
| 100 | @a20020115d1999 km y0chiy0120 ea | |
| 101 | 0 | @achi |
| 105 | @a z 000yy | |
| 200 | 1 | @a数据结构习题与解析@AShu Ju Jie Gou Xi Ti Yu Jie Xi@f李春葆编著@FLi Chun Bao Bian Zhu |
| 210 | @a北京@c清华大学出版社@d1999.04 | |
| 215 | @a305页@d26cm | |
| 606 | 0 | @a数据结构 |
| 690 | @aTP311.12-44@v4 | |
| 701 | 0 | @a李春葆@4编著 |
| 801 | @aCN@bTSTC@c20020115 | |
| 905 | @b303904-906@dTP311.12-44@e611@f3 | |
| 数据结构习题与解析/李春葆编著.-北京:清华大学出版社,1999.04 |
| 305页;26cm |
| ISBN 7-302-03513-X:CNY26.00 |
| ● |
| 相关链接 |
|
|
|
|
正题名:数据结构习题与解析
索取号:TP311.12-44/611
 
预约/预借
| 序号 | 登录号 | 条形码 | 馆藏地/架位号 | 状态 | 备注 |
| 1 | 0303904 | 203039041 | 第三借阅区/ [索取号:TP311.12-44/611] | 在馆 | |
| 2 | 0303905 | 203039050 | 第三借阅区/ [索取号:TP311.12-44/611] | 在馆 | |
| 3 | 0303906 | 203039069 | 第二样本阅览室/ [索取号:TP311.12-44/611] | 在馆 |